000 00431nam a2200145Ia 4500
008 220325s9999||||xx |||||||||||||| ||und||
020 _a979-518-550-0
084 _a1128-0061 SYA Gov Bo
100 _aInu Kencana Syafiie
245 0 _aSistem Pemerintahan Indonesia
260 _aJakarta
_bRineka Cipta
_c2002
300 _ai-xi + 188 hlm
650 _aGovernment (Pemerintahan)
_eG-O-V
_yTugas dan Fungsi Pemerintahan
942 _cBK
999 _c18603
_d18603